| Поле | Название | Значение |
| |
Тип записи |
c |
| |
Библиографический уровень |
m |
| 001 |
Контрольный номер |
RU/УОНБ/EK_N/517070310 |
| 005 |
Дата корректировки |
20251120101930.3 |
| 010 |
Индекс ISBN |
__ |
| 9 |
Тираж |
3700 экз. |
| 013 |
Номер (ISMN) |
__ |
| d |
Цена |
75 к. |
| 071 |
Издательские номер (звукозапись и ноты) |
21 |
| a |
Номер, присвоенный агентством |
9829 |
| 100 |
Данные общей обработки |
__ |
| a |
Данные общей обработки |
20160520d1978 u y0rusy0189||||ca |
| 101 |
Язык документа |
0_ |
| a |
Язык текста |
rus |
| f |
Язык титульного листа |
rus |
| 102 |
Страна публикации |
__ |
| a |
Страна публикации |
RU |
| 105 |
Кодированные данные (монография) |
__ |
| a |
Кодированные данные (монография) |
y###||||000|y |
| 125 |
Кодированные данные звукозаписи и нотных изданий |
__ |
| a |
Форма изложения нотного текста |
а| |
| 128 |
Кодированные данные (звукозаписи-физические характеристики) |
__ |
| a |
Кодированные данные: Музыкальная форма и тональность или лад |
zz |
| b |
Инструменты или голоса, необходимые для ансамблей (устаревшее) |
ot|| |
| c |
Инструменты или голоса, рекомендуемые для солистов (устаревшее) |
kt|| |
| 200 |
Заглавие и сведения об ответственности |
1_ |
| a |
Заглавие |
Вып. 2 |
| 210 |
Выходные данные |
1_ |
| d |
Дата издания |
1978 |
| 215 |
Физическое описание |
__ |
| a |
Объем |
116 с. |
| 327 |
Примечание о содержании |
11 |
| a |
Примечание о содержании |
Содерж. : Гендель Г. Пассакалия. - Чайковский П. Юмореска. - Шостакович Д. Вальс из кинофильма "Овод". - Хачатурян А. Гопак из балета "Гаяне". - Лысенко Н. Баркарола на тему украинской народной песни "Пливе човен води повен". - Ризоль Вариации на тему украинской народной песни "Дождик". |
| 461 |
Уровень набора |
_0 |
| 1 |
|
001RU/IS/BASE/516976891 |
| 1 |
|
200 |
| a |
|
Из репертуара Квартета баянистов Киевской государственной филармонии |
| b |
|
[Ноты] |
| f |
|
сост., [перелож. и исп. ред.] Н. Ризоль |
| v |
|
Вып. 2 |
| 1 |
|
210 |
| a |
|
М. |
| c |
|
Музыка |
| d |
|
1975 - |
| 464 |
Аналитический уровень |
_0 |
| 1 |
|
2001 |
| a |
|
Пассакалия |
| 1 |
|
700 1 |
| a |
|
Гендель |
| b |
|
Г. |
| 464 |
Аналитический уровень |
_0 |
| 1 |
|
2001 |
| a |
|
Юмореска |
| 1 |
|
700 1 |
| a |
|
Чайковский |
| b |
|
П. |
| 464 |
Аналитический уровень |
_0 |
| 1 |
|
2001 |
| a |
|
Вальс из кинофильма "Овод" |
| 1 |
|
700 1 |
| a |
|
Шостакович |
| b |
|
Д. |
| 1 |
|
50010 |
| a |
|
Овод |
| 464 |
Аналитический уровень |
_0 |
| 1 |
|
2001 |
| a |
|
Гопак из балета "Гаяне" |
| 1 |
|
700 1 |
| a |
|
Хачатурян |
| b |
|
А. |
| 1 |
|
50010 |
| a |
|
Гаяне |
| 464 |
Аналитический уровень |
_0 |
| 1 |
|
2001 |
| a |
|
Баркарола на тему украинской народной песни "Пливе човен води повен" |
| 1 |
|
700 1 |
| a |
|
Лысенко |
| b |
|
Н. |
| 1 |
|
50010 |
| a |
|
Пливе човен води повен |
| 464 |
Аналитический уровень |
_0 |
| 1 |
|
2001 |
| a |
|
Вариации на тему украинской народной песни "Дождик" |
| 1 |
|
700 1 |
| a |
|
Ризоль |
| b |
|
Н. |
| 1 |
|
50010 |
| a |
|
Дождик |
| 512 |
Заглавие обложки |
1_ |
| a |
Заглавие обложки |
Из репертуара Квартета баянистов Киевской государственной филармонии |
| 606 |
Тематические рубрики |
0_ |
| a |
Основная рубрика |
Ансамбли баянов |
| x |
Основная подрубрика |
Пьесы |
| 610 |
Ключевые слова |
0_ |
| a |
Ключевые слова |
ансамбли баянов |
| 686 |
Индексы других классификаций |
__ |
| a |
Классификационный индекс |
85.952.456я43 |
| a |
Классификационный индекс |
85.952,8 |
| 2 |
Код системы |
rubbk |
| 801 |
Источник записи |
_0 |
| a |
Страна |
RU |
| b |
Организация |
Ульяновская ОНБ |
| c |
Дата составления |
20160520 |
| g |
Правила каталогизации |
RCR |
| 801 |
Источник записи |
_1 |
| a |
Страна |
RU |
| b |
Организация |
Ульяновская ОНБ |
| c |
Дата составления |
20160520 |
| g |
Правила каталогизации |
RCR |
| 901 |
Тип документа |
__ |
| t |
Тип документа |
n |
| w |
Контрольный № источника |
RU/IS/BASE/516976891 |
| 909 |
Создатель записи |
__ |
| a |
Создатель записи |
Никитина Т. А. |
| 910 |
Корректоры записи |
__ |
| a |
Корректор записи |
Васина |
| 938 |
Служебная информация |
__ |
| a |
Имя БД |
noti |
| b |
Имя библиотеки |
УОНБ |
| c |
Имя АИБС |
МАРК-SQL |
| d |
Номер DOC_ID в БД |
14682 |